<?xml version="1.0" encoding="UTF-8"?><?xml-stylesheet type="text/xsl" href="static/style.xsl"?><OAI-PMH xmlns="http://www.openarchives.org/OAI/2.0/" xmlns:xsi="http://www.w3.org/2001/XMLSchema-instance" xsi:schemaLocation="http://www.openarchives.org/OAI/2.0/ http://www.openarchives.org/OAI/2.0/OAI-PMH.xsd"><responseDate>2026-04-14T06:05:10Z</responseDate><request verb="GetRecord" identifier="oai:www.recercat.cat:10256/15386" metadataPrefix="marc">https://recercat.cat/oai/request</request><GetRecord><record><header><identifier>oai:recercat.cat:10256/15386</identifier><datestamp>2024-06-14T09:44:19Z</datestamp><setSpec>com_2072_452955</setSpec><setSpec>com_2072_2054</setSpec><setSpec>col_2072_453064</setSpec></header><metadata><record xmlns="http://www.loc.gov/MARC21/slim" xmlns:dcterms="http://purl.org/dc/terms/" xmlns:xsi="http://www.w3.org/2001/XMLSchema-instance" xmlns:doc="http://www.lyncode.com/xoai" xsi:schemaLocation="http://www.loc.gov/MARC21/slim http://www.loc.gov/standards/marcxml/schema/MARC21slim.xsd">
   <leader>00925njm 22002777a 4500</leader>
   <datafield ind2=" " ind1=" " tag="042">
      <subfield code="a">dc</subfield>
   </datafield>
   <datafield ind2=" " ind1=" " tag="720">
      <subfield code="a">Echazarreta Soler, Carmen</subfield>
      <subfield code="e">author</subfield>
   </datafield>
   <datafield ind2=" " ind1=" " tag="720">
      <subfield code="a">Costa Marcé, Albert</subfield>
      <subfield code="e">author</subfield>
   </datafield>
   <datafield ind2=" " ind1=" " tag="260">
      <subfield code="c">2018-04-11</subfield>
   </datafield>
   <datafield ind2=" " ind1=" " tag="520">
      <subfield code="a">The global economy has suffered a serious and rapid slowdown that has led to unemployment and a shortage of decent work, fundamentally affecting the most vulnerable sectors of society. In order to overcome the inequality and exclusion inherent in the current economic system, companies that are termed 'inclusive' produce opportunities for development and aim to improve the quality of life of those who suffer social exclusion. This study aims to describe the main characteristics of inclusive companies based on four fundamental principles: values, team management, corporate social responsibility, and responsible marketing. This theoretical review of the most important studies concludes that there is a need for inclusive companies that contribute to the common good while generating profits. Such companies also have to be smart, championed by leaders who promote the use of information technologies and communication to improve citizens' quality of life. Likewise, companies have to be sustainable, balancing business development on the one hand with the environment and protection of the planet on the other. In essence, in order to move towards a new ethics and business policy, society needs companies that are committed to inclusive development</subfield>
   </datafield>
   <datafield ind2=" " ind1=" " tag="520">
      <subfield code="a">En el entorno actual la economía mundial ha sufrido&#xd;
una grave y rápida desaceleración que afecta fundamentalmente&#xd;
a los sectores sociales más vulnerables, generando&#xd;
desempleo y déficit de trabajo decente. Para superar el actual&#xd;
sistema económico fuente de desigualdad y exclusión, las&#xd;
empresas inclusivas generan oportunidades para el desarrollo&#xd;
y tienen por objetivo mejorar la calidad de vida de las&#xd;
personas que sufren exclusión social. El objetivo de este&#xd;
estudio es describir las principales características de las&#xd;
empresas inclusivas que se basan en cuatro principios&#xd;
fundamentales como son los valores, la gestión de equipos, la&#xd;
responsabilidad social corporativa y el marketing responsable.&#xd;
A través de la revisión teórica de los principales estudios&#xd;
relacionados, se concluye la necesidad de empresas&#xd;
inclusivas que contribuyan al bien común y a la vez generen&#xd;
beneficios económicos. Al mismo tiempo, las empresas&#xd;
deben ser inteligentes, abanderadas por líderes que&#xd;
promuevan el uso de la tecnología de la información y la&#xd;
comunicación como medio para mejorar la calidad de vida de&#xd;
los ciudadanos. Asimismo, las empresas deben ser&#xd;
sostenibles, compatibilizando el desarrollo empresarial con el&#xd;
medio ambiente y la protección del planeta. En definitiva, la&#xd;
sociedad requiere de empresas que apuesten por el&#xd;
desarrollo inclusivo para avanzar hacia una nueva ética y&#xd;
política empresarial</subfield>
   </datafield>
   <datafield ind1="8" ind2=" " tag="024">
      <subfield code="a">http://hdl.handle.net/10256/15386</subfield>
   </datafield>
   <datafield tag="653" ind2=" " ind1=" ">
      <subfield code="a">Desenvolupament sostenible -- Aspectes socials</subfield>
   </datafield>
   <datafield tag="653" ind2=" " ind1=" ">
      <subfield code="a">Sustainable development -- Social aspects</subfield>
   </datafield>
   <datafield tag="653" ind2=" " ind1=" ">
      <subfield code="a">Empreses -- Responsabilitat social</subfield>
   </datafield>
   <datafield tag="653" ind2=" " ind1=" ">
      <subfield code="a">Social responsibility of business</subfield>
   </datafield>
   <datafield ind2="0" ind1="0" tag="245">
      <subfield code="a">Empresas inclusivas, reinventando la Calidad de Vida: una revisión teórica = Inclusive Companies, Reinventing Quality of Life: A Theoretical Review</subfield>
   </datafield>
</record></metadata></record></GetRecord></OAI-PMH>